Five Biggest Cities by German-Speaking Country - Statistics

General Stats
  • This quiz has been taken 166 times
    145 since last reset
  • The average score is 18 of 30
Answer Stats
Country Population City % Correct
Austria 1,812,605 Vienna
100%
Germany 3,644,826 Berlin
99%
Germany 1,471,508 Munich
98%
Switzerland 133,883 Bern
97%
Germany 1,841,179 Hamburg
96%
Switzerland 415,367 Zürich
95%
Luxembourg 76,420 Luxembourg
94%
Germany 753,056 Frankfurt
92%
Liechtenstein 5,668 Vaduz
90%
Austria 146,631 Salzburg
85%
Germany 1,085,664 Cologne
83%
Austria 124,579 Innsbruck
77%
Austria 269,997 Graz
75%
Switzerland 177,654 Basel
74%
Austria 193,814 Linz
70%
Liechtenstein 4,628 Balzers
44%
Liechtenstein 4,459 Eschen
44%
Liechtenstein 5,998 Schaan
44%
Liechtenstein 5,230 Triesen
44%
Switzerland 81,691 Lucerne
41%
Luxembourg 19,005 Differdange
34%
Luxembourg 17,618 Dudelange
34%
Luxembourg 28,000 Esch-sur-Alzette
34%
Luxembourg 7,364 Ettelbruck
34%
Switzerland 111,851 Winterthur
27%
Belgium 19,526 Eupen
18%
Belgium 11,061 Kelmis
18%
Belgium 5,695 Lontzen
18%
Belgium 1,0611 Raeren
18%
Belgium 9,661 St. Vith
18%
No matching quizzes found
Score Distribution
Percent of People with Each Score
Percentile by Number Answered
Your Score History
You have not taken this quiz since the last reset